000 00773nam a2200229 i 4500
001 179978
003 ES-MaACL
005 20231105063046.0
008 120309s2010 sp a |||| | spa d
020 _a978-84-8190-626-4
080 _a821.134.2-14"19"
100 0 _aCavero, Soledad,
_d1936-
_937182
245 1 0 _aHijos del trueno /
_cSoledad Cavero ; [ilustraciones... por Pablo José Martínez].
250 _a1ª ed.
260 _aVigo :
_bCardeñoso,
_c2010.
300 _a82 p. :
_bil. ;
_c21 cm.
700 1 _aMartínez, Pablo José.
_9149571
852 _aES-MaACL
_jA-12025
_9186885
_bR.146759
_cDEPO1
_dOlim: N-5030
_xDonación: Soledad Cavero
903 _aCavero, Soledad,
_d1936-
_ednr
_937182
942 _2udc
_cMONOGRAFIA
999 _c179978
_d179978